00833cam a2200217 a 450000100100000000500170001000800410002704000250006808200180009310000400011124500740015126000310022530000280025649000240028449000260030865100490033465000410038383000550042495201210047999900150060000000211820200929145835.0810212s1965 sp a b 000 0 spa  aDO-SdBNPbspacBNPHU a325.46bG216e1 aGarcía Fernández, Jesús9679613aLa emigración exterior de España /cJesús García Fernández. aBarcelona :bAriel,c1965. a302 p. :bil. ;c20 cm.1 aCiencia económica1 aEconomía y sociedad 4aEspañaxEmigración E Inmigración96797 4aIntegración socialzEspaña96798 0aCiencia económica,pEconomía y sociedad.96799 001052708MOaGRbGRcCTd2009-09-22iLF1l0o325.46 G216ep2118-10r2020-06-25w2020-06-25y2ZPréstamo interno c1974d1974